| 000 -LEADER |
| fixed length control field |
00631cam a2200181 a 4500 |
| 040 ## - CATALOGING SOURCE |
| Transcribing agency |
GPO |
| 082 ## - DEWEY DECIMAL CLASSIFICATION NUMBER |
| Classification number |
334 FAO 2017 A042 Or. |
| 110 1# - MAIN ENTRY--CORPORATE NAME |
| Corporate name or jurisdiction name as entry element |
United States. |
| 245 10 - TITLE STATEMENT |
| Title |
Leaving no one behind : Addressing climate change for a world free of poverty and hunger |
| 246 30 - VARYING FORM OF TITLE |
| Title proper/short title |
Is the Federal Recovery Coordination Program working |
| 300 ## - PHYSICAL DESCRIPTION |
| Number of Pages |
1 online resource (iii, 57 pages) : |
| Other physical details |
illustrations |
| 500 ## - GENERAL NOTE |
| General note |
Title from title screen (viewed on Oct. 20, 2009). |
| 500 ## - GENERAL NOTE |
| General note |
"Serial no. 111-15." |
| 650 #0 - SUBJECT ADDED ENTRY--TOPICAL TERM |
| Topical Term |
Disabled veterans |
| 650 #0 - SUBJECT ADDED ENTRY--TOPICAL TERM |
| Topical Term |
Veterans' families |
| 856 40 - ELECTRONIC LOCATION AND ACCESS |
| Uniform Resource Identifier |
https://purl.fdlp.gov/GPO/FDLP1707 |
| 942 ## - ADDED ENTRY ELEMENTS (KOHA) |
| Koha item type |
ADB |
| 952 ## - LOCATION AND ITEM INFORMATION (KOHA) |
| Withdrawn status [LOCAL, KOHA] |
0 |